20 Countries with the Highest GDP - Statistics

General Stats
  • This quiz has been taken 29 times
  • The average score is 18 of 20
Answer Stats
GDP (nominal) Answer % Correct
2,629,188 United Kingdom
100%
2,466,472 France
96%
3,479,232 Germany
96%
1,798,622 Brazil
93%
1,529,760 Canada
93%
11,232,108 China
93%
1,850,735 Italy
93%
4,936,453 Japan
93%
1,046,295 Mexico
93%
1,261,645 Australia
89%
2,263,792 India
89%
1,283,162 Russia
89%
646,438 Saudi Arabia
89%
1,232,597 Spain
86%
863,390 Turkey
86%
18,624,450 United States
86%
932,448 Indonesia
82%
1,411,042 South Korea
79%
777,548 Netherlands
71%
669,038 Switzerland
64%
No matching quizzes found
Score Distribution
Percent of People with Each Score
Percentile by Number Answered
Your Score History
You have not taken this quiz